000 01045nam a22002657a 4500
005 20220120073707.0
008 220120s2015 dcua|||gr|||| 00| 0 eng d
020 _a9781610917018
020 _a1610917014
040 _aCO-BoUCM
_bspa
_cDeissy Garcia
_dDeissy Garcia
041 0 _aeng
110 1 _9172964
_aGlobal Designing Cities Initiative
245 1 0 _aGlobal street design guide
_cGlobal Designing Cities Initiative, NACTO ; prólogo Michael Bloomberg, Janette Sadik-Khan
260 _aWashington
_bIsland Press
_c2015
300 _axxv, 396 páginas
_bfotos, tablas y gráficos
504 _aIncluye referencias bibliográficas e índices
650 7 _aInfraestructura
_xServicios públicos
_9172965
650 7 _aTransporte público
_9172966
650 7 _aCalles
_xDiseño
_xPlanificiación
_9172967
650 7 _aUrbanismo
_925989
700 _936132
_aBloomberg, Michael R.
_eprólogo
700 _992292
_aSadik-Khan, Janette
_eprólogo
942 _2DEWEY
_a5
_cLIBRO
_e1
_h388.4
_mG562
_n0
999 _c320374
_d320374